| 000 | 00995cam a2200253 i 4500 | ||
|---|---|---|---|
| 003 | SA-RiAUC | ||
| 005 | 20250713142639.0 | ||
| 008 | 250712s1985 su g 00000aara c | ||
| 040 |
_aSA-RiAUC _bara _cSA-RiAUC _erda |
||
| 043 | _an-us--- | ||
| 082 | 0 | 4 | _a917.3 |
| 090 |
_a917.3 _bا م ي |
||
| 100 | 0 |
_aأمين ، مصطفى. _d1914-1997 _eمؤلف. |
|
| 245 | 1 | 0 |
_aأمريكا الضاحكة-زمان : _bمذكرات طالب مفلس في الولايات المتحدة / _cمصطفى أمين. |
| 250 | _aالطبعة الثانية. | ||
| 264 | 1 |
_aجدة، السعودية : _bالدار السعودية للنشر والتوزيع، _c1985. |
|
| 300 |
_a229 صفحة ؛ _c24 سم |
||
| 336 |
_aنص _btxt _2rdacontent _3كتاب |
||
| 337 |
_aبدون وسيط _bn _2rdamedia |
||
| 338 |
_aمجلد _bnc _2rdacarrier |
||
| 651 | 7 |
_aالولايات المتحدة الأمريكية _xوصف ورحلات _2aucsh |
|
| 942 |
_2ddc _cBOOK _n0 |
||
| 949 |
_aSA-JeALM _d250712 _uosman123 _n1 |
||
| 999 |
_c9893 _d9893 |
||